| 000 | 00613nam a2200217Ia 4500 | ||
|---|---|---|---|
| 003 | OSt | ||
| 005 | 20260513095750.0 | ||
| 008 | 210210b1988 xxu||||| |||| 00| 0 eng d | ||
| 040 | _cAL | ||
| 041 | _aKannada | ||
| 082 | _a791.43092K VASN | ||
| 100 |
_aVASANTI PADUKONE. _dವಸಂತಿ ಪಡುಕೋಣೆ _9263864 |
||
| 245 |
_aNanna maga gurudatta. _bನನ್ನ ಮಗ ಗುರುದತ್ತ |
||
| 250 | _a3 | ||
| 260 |
_aDharavada _bManohara Granthamala _c1988 |
||
| 300 | _axiv,104 | ||
| 650 |
_aGurudatta padukone _9263865 |
||
| 690 |
_aBiography _9263866 |
||
| 906 | _a049271 | ||
| 942 |
_2ddc _cBK |
||
| 999 |
_c98096 _d98096 |
||